00539nam a22001697a 450000500170000001000150001702000260003203500130005803700130007108200110008410000240009524500670011926000300018627000680021630000350028450000500031920140728120148.0 aENG-110075 a9789380607344c275.00 aEN-93608 bDBAD/PUB a954.02 aSen, Sailendra Nath aA textbook of medieval Indian history /cby Sailendra Nath Sen aDelhibPrimus Booksc2013 aVirat Bhavan, Mukherjee Nagar Commercial ComplexbDelhie110009 aviii,278p. : c22cm(pbk)bill. aIncludes bibliographical references and index